000 00677nam a2200241Ia 4500
003 OSt
005 20220930193156.0
006 a|||||r|||| 00| 0
007 ta
008 220926b |||||||| |||| 00| 0 hin d
024 _a11170
037 _cDissertations
040 _aCRL
_cCRL
_bhin
041 _2hin
_ahin
100 _aMalik Gita
_9562029
110 _aUniversity of Delhi. Faculty of Arts. Department of Sanskrit
245 0 _aDhvani evam bhakti
_bTulanatmak sameeksha
260 _c1984
650 _aSANSKRIT
700 _aUniversity of Delhi. Faculty of Arts. Department of Sanskrit
942 _cDIS
_2CC
999 _c896156
_d896156